000
00290 a2200109 4500
000
nam a22 7a 4500
005
20260312120118.0
100
_a
Mahamuni, Shailaja
_9
1131827
245
_a
Foundations of experimental physics
260
_b
Capital Publishing Company
_c
2021
942
_c
AUD
999
_c
1715215
_d
1715215